<?xml version="1.0" encoding="UTF-8"?>
<marc:record xmlns:marc="http://www.loc.gov/MARC21/slim">
   <marc:leader>00000nam a2200000 a 4500</marc:leader>
   <marc:datafield ind1="1" ind2=" " tag="100">
      <marc:subfield code="a">Schreiber-Wicke, Edith</marc:subfield>
      <marc:subfield code="4">aut</marc:subfield>
      <marc:subfield code="e">Verfasser/-in</marc:subfield>
   </marc:datafield>
   <marc:datafield ind1=" " ind2=" " tag="653">
      <marc:subfield code="a">Kinder</marc:subfield>
   </marc:datafield>
   <marc:datafield ind1=" " ind2=" " tag="653">
      <marc:subfield code="a">Bilderbuch</marc:subfield>
   </marc:datafield>
   <marc:datafield ind1=" " ind2=" " tag="653">
      <marc:subfield code="a">Grenzen</marc:subfield>
   </marc:datafield>
   <marc:datafield ind1=" " ind2=" " tag="653">
      <marc:subfield code="a">Nein</marc:subfield>
   </marc:datafield>
   <marc:datafield ind1=" " ind2=" " tag="653">
      <marc:subfield code="a">Antolin Klasse-2</marc:subfield>
   </marc:datafield>
   <marc:datafield ind1="0" ind2="0" tag="245">
      <marc:subfield code="a">Der Neinrich</marc:subfield>
   </marc:datafield>
   <marc:datafield ind1=" " ind2="1" tag="264">
      <marc:subfield code="b">Ed. Erdmann</marc:subfield>
      <marc:subfield code="c">2</marc:subfield>
   </marc:datafield>
   <marc:datafield ind1="1" ind2=" " tag="520">
      <marc:subfield code="a">Nein sagen will gelernt sein! Ein Bilderbuch über das Nein Sagen für Kinder ab 4 Jahren.
"Nein" zählt zu den Lieblingswörtern vieler Kinder. Meistens ärgern sich die Erwachsenen darüber, doch es gibt viele Gelegenheiten, bei denen man sogar Nein sagen muss, auch wenn das den Großen überhaupt nicht gefällt. Leo findet es immer ganz furchtbar, wenn seine aufgedonnerte Tante ihm einen Kuss verpassen möchte. Muss er sich das etwa gefallen lassen? Der Neinrich, der Leo besuchen kommt, sagt Nein. Und er erzählt Leo noch von einer ganzen Menge anderen Gelegenheiten, bei denen ein klares Nein sogar sehr wichtig ist.</marc:subfield>
   </marc:datafield>
   <marc:datafield ind1=" " ind2=" " tag="020">
      <marc:subfield code="a">9783522433884</marc:subfield>
      <marc:subfield code="9">9783522433884</marc:subfield>
   </marc:datafield>
   <marc:datafield ind1="3" ind2=" " tag="024">
      <marc:subfield code="a">3522433882</marc:subfield>
   </marc:datafield>
</marc:record>
